00461nam a2200157Ia 4500008004100000020001300041082001400054100002500068245004000093250000800133260004100141300002500182500001900207600002700226650005000253240925s9999 xx 000 0 und d a70634149 a004.6 FOR aForouzan, Behrouz A. 0aData Communications and Networking  a4th aNew Delhi:bTata McGraw Hillc,2006. a823p.bNAfPhotocopy aIncludes Index aEngineering Technology aComputer science, information & general works